000 01086cam a22002654a 4500
999 _c50590
_d50590
001 16157503
005 20221114150053.0
008 100325s2011 nyua b 001 0 eng
020 _a9780071602266x
041 _aeng
080 _a617.5 Z-82
100 1 _aZollinger, Robert Milton
_d
_97479
245 1 0 _aZollinger's atlas of surgical operations /
_cRobert M. Zollinger Jr., E. Christopher Ellison ; illustrations for ninth editions by Marita Bitans and Jennifer Smith.
246 1 3 _aAtlas of surgical operations
250 _a9th ed.
264 _aNew York :
_bMcGraw-Hill Medical,
_cc2011.
300 _av, 506 p. :
_bcol. ill. ;
_c37 cm.
504 _aIncludes bibliographical references and index.
653 _aმედიცინა
653 _aატლასი ქირურგიული
653 _aქირურგიული ატლასი ოპერაციების დროს
700 1 _aEllison, E. Christopher.
_eავტორი
_97484
700 1 _aZollinger, Robert M.,
_d1903-
_eავტორი
_97485
942 _2udc
_cBK